000 00856cam a22002653a 4500
001 148
003 PGUSA
005 20140828082944.0
008 940701s1994||||xxu|||||s|||||000 | eng d
040 _aPGUSA
_beng
042 _adc
050 4 _aE300
100 1 _aFranklin, Benjamin,
_d1706-1790
245 1 4 _aThe Autobiography of Benjamin Franklin
_h[electronic resource] /
_cBenjamin Franklin
260 _bProject Gutenberg,
_c1994
500 _aSee also PG#20203 Ed: Frank Woodworth Pine and Illustrated by E. Boyd Smith
506 _aPublic domain in the USA.
516 _aElectronic text
653 _aFranklin, Benjamin, 1706-1790
653 _aStatesmen -- United States -- Biography
700 1 _aEliot, Charles William,
_d1834-1926
830 0 _aProject Gutenberg
_v148
856 4 0 _uhttp://www.gutenberg.org/ebooks/148
942 _cEB
999 _c229519
_d229519